| 000 | 00529pam a2200205 i 4500 | ||
|---|---|---|---|
| 001 | 2281154 | ||
| 005 | 20180131035624.0 | ||
| 008 | 790628s1981 paua 001 0 eng | ||
| 010 | _a 79017481 | ||
| 020 |
_a0830697500 : _c$15.95 |
||
| 040 |
_aDLC _cDLC _dDLC |
||
| 041 | _aeng | ||
| 080 | _a791.450232 WAR | ||
| 082 | 0 | 0 | _a791.450232 WAR |
| 100 | 1 | _a39 | |
| 101 | _aMED | ||
| 245 | 1 | 0 |
_aTelevision production handbook / _cby Douglas O. Wardwell. |
| 906 |
_a7 _bcbc _corignew _d1 _eocip _f19 _gy-gencatlg |
||
| 942 |
_2ddc _cBK |
||
| 999 |
_c41334 _d41334 |
||